[Event "St Louis Fall A 2017"]
[Site "Saint Louis USA"]
[Date "2017.09.10"]
[Round "5.5"]
[White "Petrosian, Tigran L."]
[Black "Naroditsky, Daniel"]
[Result "0-1"]
[WhiteTitle "GM"]
[BlackTitle "GM"]
[WhiteElo "2615"]
[BlackElo "2626"]
[WhiteFideId "13301616"]
[BlackFideId "2026961"]
[EventDate "2017.09.06"]

1. e4 e5 2. Nf3 Nc6 3. Bc4 Bc5 4. c3 Nf6 5. d3 a6 6. Bb3 Ba7 7. O-O d6 8. h3 O-O
9. Re1 Ne7 10. Nbd2 Ng6 11. Nf1 Re8 12. Ng3 h6 13. d4 b5 14. a4 Bb7 15. Bc2 Bb6
16. Bd3 d5 17. axb5 dxe4 18. Nxe4 Nxe4 19. Bxe4 Bxe4 20. Rxe4 axb5 21. Rxa8 Qxa8
22. Qe2 Qd5 23. g4 f6 24. dxe5 Nxe5 25. Kg2 Kf7 26. Nxe5+ Rxe5 27. f3 Qc5 28.
Qf1 Rxe4 29. fxe4 b4 30. Bd2 b3 31. Kf3 h5 32. Bf4 g5 33. Bd2 h4 34. Qg2 Ke6 35.
Qf1 Qe5 36. Qg2 c6 37. Qf1 Ke7 38. Qg2 Kf7 39. Qf1 Kg7 40. Qd3 Qh2 41. Qd7+ Kf8
42. e5 Qh1+ 43. Ke2 Qe4+ 44. Kd1 Qf3+ 45. Ke1 Bf2+ 0-1

[Event "St Louis Fall A 2017"]
[Site "Saint Louis USA"]
[Date "2017.09.11"]
[Round "6.1"]
[White "Ju, Wenjun"]
[Black "Naroditsky, Daniel"]
[Result "1-0"]
[WhiteTitle "GM"]
[BlackTitle "GM"]
[WhiteElo "2574"]
[BlackElo "2626"]
[WhiteFideId "8603006"]
[BlackFideId "2026961"]
[EventDate "2017.09.06"]

1. d4 Nf6 2. c4 e6 3. g3 d5 4. Nf3 dxc4 5. Bg2 c6 6. Ne5 c5 7. Qa4+ Nbd7 8. Nxc4
Be7 9. dxc5 Bxc5 10. O-O O-O 11. Nc3 Nb6 12. Qb5 Qe7 13. Nxb6 Bxb6 14. Bf4 Bd7
15. Qd3 Rfd8 16. Bd6 Qe8 17. Bxb7 Bc6 18. Bxa8 Bxa8 19. Rad1 e5 20. Qb5 Qxb5 21.
Nxb5 Ne4 22. Bc5 Rxd1 23. Rxd1 Nxc5 24. Nxa7 Ne6 25. Nb5 Kf8 26. a4 Ba5 27. Rd7
Bc6 28. Ra7 Bb4 29. Ra6 Bd7 30. Nc3 Bxc3 31. bxc3 Nc5 32. Ra8+ Ke7 33. a5 Bb5
34. e3 e4 35. Ra7+ Ke6 36. Rc7 Na6 37. Rc8 Bd3 38. g4 g5 39. Kg2 Ke7 40. Rc6 Kd7
41. Rh6 Ke7 42. Rxh7 Nc5 43. Rg7 Ne6 44. Rg8 f6 45. Rb8 Nc5 46. Rb6 Na4 47. Rb7+
Kd6 48. c4 Nc5 49. Rb6+ Kc7 50. Rxf6 Bxc4 51. Rf5 Ne6 52. Kg3 Kd6 53. h4 gxh4+
54. Kxh4 Nc5 55. g5 1-0

[Event "St Louis Fall A 2017"]
[Site "Saint Louis USA"]
[Date "2017.09.11"]
[Round "6.2"]
[White "Li, Ruifeng"]
[Black "Petrosian, Tigran L."]
[Result "1/2-1/2"]
[WhiteTitle "GM"]
[BlackTitle "GM"]
[WhiteElo "2548"]
[BlackElo "2615"]
[WhiteFideId "2061074"]
[BlackFideId "13301616"]
[EventDate "2017.09.06"]

1. e4 Nc6 2. Nf3 d6 3. d4 Bg4 4. Be2 Nf6 5. Nc3 g6 6. d5 Bxf3 7. Bxf3 Ne5 8. Be2
Bg7 9. O-O O-O 10. Be3 c6 11. f4 Ned7 12. dxc6 bxc6 13. Bf3 Qc7 14. Qd3 e5 15.
g3 Rfe8 16. Rad1 Bf8 17. Kh1 Rab8 18. b3 Qa5 19. Bd2 Nc5 20. Qe2 Qc7 21. f5 gxf5
22. Bg5 Bg7 23. Bxf6 Bxf6 24. Bh5 f4 25. gxf4 Kh8 26. fxe5 Bxe5 27. Rxf7 Re7 28.
Rdf1 Bxc3 29. Qg4 Rxf7 30. Rxf7 Qc8 31. Rxh7+ Kxh7 32. Bg6+ Kh6 33. Qh5+ Kg7 34.
Qh7+ Kf6 35. Qf7+ Ke5 36. Qg7+ Kf4 37. Qh6+ Kf3 38. Bh5+ Kxe4 39. Bg6+ Kf3 40.
Bh5+ Ke4 41. Bg6+ Kd5 42. Qg5+ Be5 43. Bf7+ Ke4 44. Bg6+ Kf3 45. Bh5+ Ke4 46.
Bg6+ Kd5 47. Bf7+ Ke4 48. Bg6+ Kf3 49. Bh5+ Ke4 1/2-1/2

[Event "St Louis Fall A 2017"]
[Site "Saint Louis USA"]
[Date "2017.09.11"]
[Round "6.3"]
[White "Meier, Georg"]
[Black "Kovalev, Vladislav"]
[Result "1-0"]
[WhiteTitle "GM"]
[BlackTitle "GM"]
[WhiteElo "2651"]
[BlackElo "2640"]
[WhiteFideId "4675789"]
[BlackFideId "13504398"]
[EventDate "2017.09.06"]

1. Nf3 Nf6 2. g3 g6 3. Bg2 Bg7 4. O-O c5 5. c4 O-O 6. Nc3 d5 7. cxd5 Nxd5 8.
Nxd5 Qxd5 9. d4 cxd4 10. Be3 d3 11. Ne1 Qa5 12. Nxd3 Nc6 13. b4 Qd8 14. Rc1 Rb8
15. a4 a6 16. a5 e5 17. Bb6 Qf6 18. Bc7 Bg4 19. Bxc6 bxc6 20. Bxe5 Qf5 21. Bxg7
Kxg7 22. Qd2 Qf6 23. Rc4 h5 24. Rfc1 Rfe8 25. f3 Bf5 26. Nf4 Qe7 27. Rd4 Rec8
28. Rd6 Kh7 29. Qd4 Rxb4 30. Qxb4 Qe3+ 31. Kg2 Qxc1 32. e4 c5 33. Qb7 Qc2+ 34.
Kg1 Qc1+ 35. Kf2 Qc2+ 36. Ne2 Kg8 37. exf5 Re8 38. Re6 fxe6 39. f6 1-0

[Event "St Louis Fall A 2017"]
[Site "Saint Louis USA"]
[Date "2017.09.11"]
[Round "6.4"]
[White "Liang, Awonder"]
[Black "Zherebukh, Yaroslav"]
[Result "1/2-1/2"]
[WhiteTitle "GM"]
[BlackTitle "GM"]
[WhiteElo "2545"]
[BlackElo "2621"]
[WhiteFideId "2056437"]
[BlackFideId "14116804"]
[EventDate "2017.09.06"]

1. e4 c6 2. Nc3 d5 3. Nf3 dxe4 4. Nxe4 Nf6 5. Qe2 Nxe4 6. Qxe4 Qd5 7. Qh4 Qe6+
8. Be2 Qg4 9. Qg3 Qxg3 10. hxg3 Bf5 11. b3 Nd7 12. Bb2 e5 13. O-O-O Bd6 14. d4
e4 15. Nd2 Nf6 16. Nc4 Bc7 17. Ne3 Be6 18. c4 O-O-O 19. d5 cxd5 20. Bxf6 gxf6
21. cxd5 Bd7 22. Rh4 f5 23. Rdh1 Rhg8 24. Rxh7 Rdf8 25. R1h4 Bd8 26. R4h5 Bg5
27. Kd2 b5 28. Rh1 Kd8 29. Bh5 Ke7 30. d6+ Kf6 31. f4 exf3 32. gxf3 Ke6 33. f4
Bd8 34. g4 Bc6 35. Rc1 Be4 36. Rh6+ Kd7 37. g5 Rh8 38. Rc5 f6 39. Nxf5 fxg5 40.
Rxh8 Rxh8 41. Bg4 Bxf5 42. Rxf5 Kxd6 43. fxg5 Rg8 44. Rxb5 Rxg5 1/2-1/2

[Event "St Louis Fall A 2017"]
[Site "Saint Louis USA"]
[Date "2017.09.11"]
[Round "6.5"]
[White "Swiercz, Dariusz"]
[Black "Shimanov, Aleksandr"]
[Result "0-1"]
[WhiteTitle "GM"]
[BlackTitle "GM"]
[WhiteElo "2638"]
[BlackElo "2646"]
[WhiteFideId "1126881"]
[BlackFideId "4198603"]
[EventDate "2017.09.06"]

1. e4 c6 2. Nc3 d5 3. Nf3 dxe4 4. Nxe4 Nf6 5. Qe2 Bg4 6. h3 Bh5 7. Nxf6+ gxf6 8.
d3 e6 9. Bd2 Na6 10. a3 Nc5 11. g4 Bg6 12. Nh4 Be7 13. Bg2 Rg8 14. Nxg6 hxg6 15.
h4 f5 16. g5 Na4 17. Rb1 Qc7 18. b3 Nb6 19. b4 Nd5 20. Qf3 Qe5+ 21. Kf1 Rd8 22.
c4 Nc3 23. Re1 Qd4 24. Rh3 Rh8 25. Qf4 Na4 26. b5 cxb5 27. Bxb7 Kf8 28. cxb5
Qxf4 29. Bxf4 Nc5 30. Be5 Rh7 31. Bg2 Nxd3 32. Bc7 Rc8 33. Rxd3 Rxc7 34. a4 Rxh4
35. a5 Rb4 36. Bc6 Bxg5 37. Ra1 Bf6 38. Ra2 Bd4 39. Bg2 e5 40. b6 axb6 41. a6
Ra7 42. Bb7 b5 43. Ke2 Rb1 44. Rd1 Rxd1 45. Kxd1 b4 46. f3 b3 47. Ra4 b2 48. Kc2
g5 49. Rc4 g4 50. f4 g3 51. fxe5 Rxa6 52. Rc8+ Kg7 53. Bxa6 g2 0-1

[Event "St Louis Fall A 2017"]
[Site "Saint Louis USA"]
[Date "2017.09.12"]
[Round "7.1"]
[White "Shimanov, Aleksandr"]
[Black "Ju, Wenjun"]
[Result "0-1"]
[WhiteTitle "GM"]
[BlackTitle "GM"]
[WhiteElo "2646"]
[BlackElo "2574"]
[WhiteFideId "4198603"]
[BlackFideId "8603006"]
[EventDate "2017.09.06"]

1. c4 Nf6 2. Nc3 e6 3. e4 d5 4. cxd5 exd5 5. e5 Ne4 6. Nf3 Bf5 7. Be2 d4 8. Nxe4
Bxe4 9. Bc4 Be7 10. O-O Nc6 11. Re1 Bd5 12. Qb3 Bxc4 13. Qxc4 Qd7 14. d3 Qe6 15.
Qb5 O-O-O 16. Bg5 a6 17. Qc4 Qxc4 18. dxc4 Rhe8 19. Bd2 h6 20. Re4 f5 21. exf6
Bxf6 22. Rae1 Rxe4 23. Rxe4 b5 24. b3 bxc4 25. bxc4 Kb7 26. Kf1 Kb6 27. Ke2 Kc5
28. Kd3 Rb8 29. Rf4 Rb2 30. Rf5+ Kb6 31. a4 Ra2 32. c5+ Kb7 33. g4 Ra3+ 34. Ke4
Rxa4 35. Bxh6 d3+ 36. Kxd3 Rxg4 37. Bd2 Nb4+ 38. Ke2 a5 39. c6+ Ka6 40. Rc5 a4
41. Bc1 Re4+ 42. Kd1 Kb6 43. Rf5 Nxc6 44. Be3+ Kb7 45. Rb5+ Ka6 46. Rc5 Re6 47.
Rc4 Kb5 48. Rc5+ Kb4 49. Nd2 a3 50. Rc4+ Kb5 51. Rc5+ Ka6 52. Rc4 Be7 53. Rg4
Kb5 54. Nb1 Bb4 55. Nxa3+ Bxa3 56. Rxg7 Re7 57. Rg5+ Kc4 58. h4 Nd4 59. Rg4 c5
60. Ke1 Kd5 61. Kf1 Nf5 62. Rg5 Ke6 63. Bf4 c4 64. Rg6+ Kd5 65. Ra6 Bc5 66. h5
c3 67. h6 c2 68. Bc1 Kc4 69. Ra4+ Kb3 70. Rf4 Nd4 71. Rh4 Nf3 72. Rh5 Re1+ 73.
Kg2 Rxc1 74. Rxc5 Ng5 75. f4 Nh7 76. Rb5+ Kc4 0-1

[Event "St Louis Fall A 2017"]
[Site "Saint Louis USA"]
[Date "2017.09.12"]
[Round "7.2"]
[White "Zherebukh, Yaroslav"]
[Black "Swiercz, Dariusz"]
[Result "1/2-1/2"]
[WhiteTitle "GM"]
[BlackTitle "GM"]
[WhiteElo "2621"]
[BlackElo "2638"]
[WhiteFideId "14116804"]
[BlackFideId "1126881"]
[EventDate "2017.09.06"]

1. e4 e5 2. Nf3 Nc6 3. Bb5 a6 4. Ba4 Nf6 5. O-O Be7 6. Re1 b5 7. Bb3 d6 8. c3
O-O 9. h3 Nb8 10. d4 Nbd7 11. Nbd2 Bb7 12. Bc2 Re8 13. Nf1 Bf8 14. Ng3 g6 15. a4
c5 16. d5 c4 17. Bg5 h6 18. Be3 Nc5 19. Qd2 h5 20. Bg5 Be7 21. Ra3 Nfd7 22. Bh6
Bf8 23. Bg5 Be7 24. Bh6 Bf8 25. Bg5 Be7 26. Bxe7 Qxe7 27. Rea1 Qf6 28. axb5 axb5
29. Rxa8 Rxa8 30. Rxa8+ Bxa8 31. Nf1 1/2-1/2

[Event "St Louis Fall A 2017"]
[Site "Saint Louis USA"]
[Date "2017.09.12"]
[Round "7.3"]
[White "Kovalev, Vladislav"]
[Black "Liang, Awonder"]
[Result "1/2-1/2"]
[WhiteTitle "GM"]
[BlackTitle "GM"]
[WhiteElo "2640"]
[BlackElo "2545"]
[WhiteFideId "13504398"]
[BlackFideId "2056437"]
[EventDate "2017.09.06"]

1. e4 c5 2. Nf3 d6 3. Bb5+ Nd7 4. O-O a6 5. Bd3 Ngf6 6. Re1 e6 7. c3 b5 8. a4
Bb7 9. Bc2 c4 10. d4 cxd3 11. Qxd3 Nc5 12. Qe2 bxa4 13. Nbd2 Be7 14. e5 dxe5 15.
Nxe5 O-O 16. Ndc4 a5 17. Rd1 Qe8 18. Nb6 Rd8 19. Be3 a3 20. Rxa3 Rxd1+ 21. Bxd1
Qd8 22. Nbc4 a4 23. Bxa4 Qd5 24. Nf3 Nd3 25. Nb6 Qe4 26. Bc2 Nf4 27. Qd1 Qc6 28.
Ra4 Rd8 29. Rd4 Rxd4 30. Bxd4 g5 31. Bxf6 Bxf6 32. Nd7 Be7 33. Nde5 Qb5 34. Qd7
Ne2+ 35. Kh1 Qxd7 36. Nxd7 g4 37. Ne1 f6 38. Bd1 Ba6 39. Nc2 Kf7 40. Ne3 h5 41.
Nb8 Bd3 42. Nc6 Bc5 43. b4 Bb6 44. c4 Bxe3 45. fxe3 Bxc4 46. Bxe2 Bxe2 47. Kg1
e5 48. Kf2 Bd3 49. Nd8+ Ke7 50. Nb7 f5 51. Nc5 Bb5 52. Kg3 Bc6 53. Kh4 f4 54.
exf4 exf4 55. Nd3 Bxg2 56. Nxf4 Bf3 57. Nxh5 Ke6 58. Nf4+ Ke5 59. Kg3 Bd1 60.
Nd3+ Kd5 61. Nf2 Be2 62. Nxg4 Kc4 63. h4 Kxb4 64. h5 Kc5 65. h6 Bd3 66. Kf4 Kd6
67. Nf2 Bh7 68. Kg5 Ke7 69. Ng4 Kf7 1/2-1/2

[Event "St Louis Fall A 2017"]
[Site "Saint Louis USA"]
[Date "2017.09.12"]
[Round "7.4"]
[White "Petrosian, Tigran L."]
[Black "Meier, Georg"]
[Result "1/2-1/2"]
[WhiteTitle "GM"]
[BlackTitle "GM"]
[WhiteElo "2615"]
[BlackElo "2651"]
[WhiteFideId "13301616"]
[BlackFideId "4675789"]
[EventDate "2017.09.06"]

1. g3 d5 2. Bg2 e5 3. d3 Nf6 4. Nf3 Bd6 5. O-O O-O 6. c4 dxc4 7. dxc4 c6 8. Nc3
h6 9. Qc2 Be6 10. Rd1 Qc7 11. b3 Nbd7 12. Bb2 Rad8 13. Na4 Rfe8 14. c5 Be7 15.
Nd2 Nd5 16. a3 b5 17. cxb6 axb6 18. Nc3 Rc8 19. Rac1 Qb8 20. b4 Red8 21. Be4 Nf8
22. Nf3 b5 23. Nxe5 Bg5 24. Nd3 Bxc1 25. Qxc1 Nf6 26. Bg2 Bc4 27. Nc5 Rxd1+ 28.
Nxd1 N8d7 29. Nxd7 Nxd7 30. Bh3 Be6 31. Qc3 Nf6 32. Bxe6 fxe6 33. Ne3 Qc7 1/2-1/2

[Event "St Louis Fall A 2017"]
[Site "Saint Louis USA"]
[Date "2017.09.12"]
[Round "7.5"]
[White "Naroditsky, Daniel"]
[Black "Li, Ruifeng"]
[Result "1/2-1/2"]
[WhiteTitle "GM"]
[BlackTitle "GM"]
[WhiteElo "2626"]
[BlackElo "2548"]
[WhiteFideId "2026961"]
[BlackFideId "2061074"]
[EventDate "2017.09.06"]

1. d4 Nf6 2. Bf4 e6 3. e3 d5 4. Nf3 c5 5. c3 Nc6 6. Nbd2 Be7 7. Bd3 Nh5 8. dxc5
Nxf4 9. exf4 Bxc5 10. Nb3 Bd6 11. g3 Qf6 12. Qe2 Bd7 13. O-O O-O-O 14. Nbd4 h6
15. Bb5 Nxd4 16. cxd4 Bxb5 17. Qxb5 Kb8 18. Rac1 Rc8 19. a4 a6 20. Qb3 Qe7 21.
Ne5 Bxe5 22. fxe5 Rc7 23. Rc3 Rxc3 24. bxc3 Rc8 25. Ra1 Rc6 26. a5 Qc7 27. Ra3
Rc4 28. Qb2 Qe7 29. Ra1 g6 30. h4 h5 31. Kg2 Qd7 32. Ra3 Qc7 33. Qa1 Qd7 1/2-1/2

[Event "St Louis Fall A 2017"]
[Site "Saint Louis USA"]
[Date "2017.09.13"]
[Round "8.1"]
[White "Ju, Wenjun"]
[Black "Li, Ruifeng"]
[Result "0-1"]
[WhiteTitle "GM"]
[BlackTitle "GM"]
[WhiteElo "2574"]
[BlackElo "2548"]
[WhiteFideId "8603006"]
[BlackFideId "2061074"]
[EventDate "2017.09.06"]

1. d4 Nf6 2. c4 e6 3. Nc3 Bb4 4. Nf3 b6 5. e3 Bb7 6. Bd3 O-O 7. O-O d5 8. cxd5
exd5 9. Ne5 Be7 10. b3 c5 11. Bb2 Nc6 12. Ne2 Rc8 13. Rc1 g6 14. Nf4 Na5 15. Qe2
Bd6 16. Ba6 Bxa6 17. Qxa6 c4 18. bxc4 dxc4 19. Bc3 Ne4 20. Bxa5 bxa5 21. Rfd1 c3
22. Qb7 c2 23. Rd3 Nc3 24. Nc6 Rxc6 25. Qxc6 Nxa2 26. Qxc2 Nxc1 27. Qxc1 a4 28.
g3 Qa5 29. Qa1 Rb8 30. e4 a3 31. e5 a2 32. Rd1 Bb4 33. Ne2 Bd2 34. Kg2 Qd5+ 35.
f3 Ba5 36. Rc1 Qb3 37. Kf2 Bd2 38. Rd1 Qe3+ 0-1

[Event "St Louis Fall A 2017"]
[Site "Saint Louis USA"]
[Date "2017.09.13"]
[Round "8.2"]
[White "Meier, Georg"]
[Black "Naroditsky, Daniel"]
[Result "1/2-1/2"]
[WhiteTitle "GM"]
[BlackTitle "GM"]
[WhiteElo "2651"]
[BlackElo "2626"]
[WhiteFideId "4675789"]
[BlackFideId "2026961"]
[EventDate "2017.09.06"]

1. d4 Nf6 2. c4 e6 3. Nf3 d5 4. g3 dxc4 5. Bg2 c6 6. a4 c5 7. O-O Nc6 8. dxc5
Nd5 9. b3 cxb3 10. Bb2 Nf6 11. Qxd8+ Nxd8 12. Nbd2 Bxc5 13. Nxb3 Be7 14. Ne5 O-O
15. Rfc1 Nd5 16. a5 Bf6 17. Rab1 b6 18. e4 Bxe5 19. Bxe5 Nf6 20. Bxf6 gxf6 21.
e5 Bb7 22. exf6 Bxg2 23. Kxg2 Nb7 24. axb6 axb6 25. Nd2 Nc5 26. Rc4 Rfd8 27. Ne4
Ra4 28. Rxa4 Nxa4 29. Rb4 Nc5 30. Kf3 Rd5 31. Rxb6 h5 32. Nxc5 Rxc5 33. Kg2 Rf5
34. f4 h4 35. Kf3 1/2-1/2

[Event "St Louis Fall A 2017"]
[Site "Saint Louis USA"]
[Date "2017.09.13"]
[Round "8.3"]
[White "Liang, Awonder"]
[Black "Petrosian, Tigran L."]
[Result "1/2-1/2"]
[WhiteTitle "GM"]
[BlackTitle "GM"]
[WhiteElo "2545"]
[BlackElo "2615"]
[WhiteFideId "2056437"]
[BlackFideId "13301616"]
[EventDate "2017.09.06"]

1. e4 b6 2. d4 Bb7 3. Bd3 e6 4. Nf3 c5 5. c3 Nf6 6. Qe2 Be7 7. O-O d5 8. exd5
Qxd5 9. dxc5 Qxc5 10. Be3 Qh5 11. Nd4 Qd5 12. Bb5+ Nbd7 13. Nf3 a6 14. Ba4 Qa5
15. Bxd7+ Nxd7 16. Rd1 Qh5 17. Nbd2 b5 18. Nd4 Qg6 19. N2f3 Ne5 20. Bf4 Nxf3+
21. Nxf3 Qe4 22. Qxe4 Bxe4 23. Nd2 Bc6 24. Nf1 g5 25. Bc7 Rc8 26. Ba5 h5 27. Ne3
h4 28. h3 f5 29. Nc2 g4 30. Nd4 Bb7 31. Nxe6 Rg8 32. Kf1 gxh3 33. gxh3 Kf7 34.
Nf4 Rc4 35. Rd7 Bc6 36. Rc7 Bf3 37. Re1 Rxc7 38. Bxc7 Bg5 39. Re3 Be4 40. f3 Bb1
41. Re1 Bxa2 42. Re5 Bb1 43. Rd5 Re8 44. Kf2 Re7 45. Bb8 Rb7 46. Be5 b4 47. cxb4
Rxb4 48. Nd3 Rb3 49. Nc5 Rb5 50. Bd4 Be7 51. Ke3 a5 52. Rd7 Ke8 53. Rb7 Rxc5 54.
Rxe7+ Kxe7 55. Bxc5+ Kf6 56. Bb6 a4 57. Bd8+ Kg6 58. Bxh4 1/2-1/2

[Event "St Louis Fall A 2017"]
[Site "Saint Louis USA"]
[Date "2017.09.13"]
[Round "8.4"]
[White "Swiercz, Dariusz"]
[Black "Kovalev, Vladislav"]
[Result "1-0"]
[WhiteTitle "GM"]
[BlackTitle "GM"]
[WhiteElo "2638"]
[BlackElo "2640"]
[WhiteFideId "1126881"]
[BlackFideId "13504398"]
[EventDate "2017.09.06"]

1. d4 Nf6 2. c4 g6 3. Nc3 Bg7 4. e4 d6 5. Nf3 O-O 6. Be2 e5 7. O-O c6 8. d5 Na6
9. Re1 Nc5 10. Qc2 a5 11. Be3 Ng4 12. Bxc5 dxc5 13. Rad1 Qd6 14. h3 Nh6 15. dxc6
Qxc6 16. Nb5 f6 17. Nh2 Be6 18. Ng4 Rad8 19. Nxh6+ Bxh6 20. Bg4 Bf7 21. h4 Rfe8
22. a4 Kf8 23. Rd3 Ke7 24. Red1 Rd4 25. Nxd4 cxd4 26. Rh3 Qxc4 27. Qxc4 Bxc4 28.
h5 Bg5 29. hxg6 hxg6 30. Rh7+ Bf7 31. g3 Kf8 32. Kg2 Re7 33. Be2 f5 34. Bd3 Kg8
35. Rdh1 Bf6 36. f3 fxe4 37. fxe4 Rc7 38. Kf3 Bg7 39. R7h2 Bb3 40. Ra1 Bf6 41.
Ke2 Be6 42. Kf1 Bc4 43. Bxc4+ Rxc4 44. Rf2 Bg5 45. Ra3 Rc1+ 46. Kg2 Be3 47. Rf6
Kg7 48. Re6 Rc2+ 49. Kf3 Rxb2 50. Rxe5 Bd2 51. Rd5 Bb4 52. Rd3 Bc3 53. e5 Kf7
54. Rd6 b5 55. axb5 Rxb5 56. Ke4 Bb2 57. Ra6 Kg7 58. Ra7+ Kh6 59. e6 Bc3 60. e7
Rb1 61. Re3 Rb8 62. Rf3 Bb4 63. Kxd4 Re8 64. Rf7 Kg5 65. Ke5 Kg4 66. Ke6 g5 67.
Rg7 Rb8 68. Kf7 Bxe7 69. Rxe7 Rb5 70. Re3 a4 71. Ra3 Ra5 72. Kf6 Rf5+ 73. Ke6
Ra5 74. Rd7 Kh3 75. Rd4 g4 76. Rdxa4 Rb5 77. Rd4 Rb2 78. Kf5 Rb8 79. Rd6 Rb5+
80. Ke4 Rb4+ 81. Rd4 Rb1 82. Re3 Rb8 83. Rd5 Rb4+ 84. Kf5 Rb8 85. Kf4 Rb4+ 86.
Re4 1-0

[Event "St Louis Fall A 2017"]
[Site "Saint Louis USA"]
[Date "2017.09.13"]
[Round "8.5"]
[White "Shimanov, Aleksandr"]
[Black "Zherebukh, Yaroslav"]
[Result "1/2-1/2"]
[WhiteTitle "GM"]
[BlackTitle "GM"]
[WhiteElo "2646"]
[BlackElo "2621"]
[WhiteFideId "4198603"]
[BlackFideId "14116804"]
[EventDate "2017.09.06"]

1. c4 Nf6 2. g3 c6 3. Bg2 d5 4. Nf3 g6 5. b3 Bg7 6. Bb2 O-O 7. O-O Bg4 8. d3
Nbd7 9. Nbd2 Re8 10. h3 Bxf3 11. Bxf3 e5 12. cxd5 cxd5 13. Bg2 a5 14. Rc1 Nb8
15. Nb1 Bh6 16. Rc5 Qb6 17. Rxd5 Nxd5 18. Bxd5 Nd7 19. Nc3 Nf6 20. Bc4 e4 21.
dxe4 Rad8 22. Qb1 Bg7 23. a4 Re7 24. Ba3 Ree8 25. Qc2 Rc8 26. Qd3 Bf8 27. Bc1
Bc5 28. Qf3 Bd4 29. Nb5 Rxc4 30. bxc4 Nxe4 31. Bh6 Bg7 32. Bxg7 Kxg7 33. Rd1 Qc6
34. Rd4 Ng5 35. Qg4 Re5 36. Nc3 Rxe2 37. Nd5 Re1+ 38. Kg2 Ne6 39. Rd2 f5 40. Qf3
Qxc4 41. Ne3 Qc6 1/2-1/2

[Event "St Louis Fall A 2017"]
[Site "Saint Louis USA"]
[Date "2017.09.14"]
[Round "9.1"]
[White "Zherebukh, Yaroslav"]
[Black "Ju, Wenjun"]
[Result "1/2-1/2"]
[WhiteTitle "GM"]
[BlackTitle "GM"]
[WhiteElo "2621"]
[BlackElo "2574"]
[WhiteFideId "14116804"]
[BlackFideId "8603006"]
[EventDate "2017.09.06"]

1. e4 e5 2. Nf3 Nf6 3. Nxe5 d6 4. Nf3 Nxe4 5. Qe2 Qe7 6. d3 Nf6 7. Bg5 Qxe2+ 8.
Bxe2 Be7 9. Nc3 h6 10. Bd2 Nc6 11. O-O O-O 12. h3 Bd7 13. a3 Rfe8 14. Rfe1 Bf8
15. Bf1 a6 16. Rxe8 Rxe8 17. Re1 Rxe1 18. Bxe1 Ne5 19. Be2 Nxf3+ 20. Bxf3 c6 21.
Ne4 Nxe4 22. dxe4 f5 23. Bd2 Kf7 24. Kf1 Be7 25. Ke1 fxe4 26. Bxe4 h5 27. Bf3 g6
28. g4 hxg4 29. hxg4 d5 30. a4 Bd6 31. b3 1/2-1/2

[Event "St Louis Fall A 2017"]
[Site "Saint Louis USA"]
[Date "2017.09.14"]
[Round "9.2"]
[White "Kovalev, Vladislav"]
[Black "Shimanov, Aleksandr"]
[Result "1/2-1/2"]
[WhiteTitle "GM"]
[BlackTitle "GM"]
[WhiteElo "2640"]
[BlackElo "2646"]
[WhiteFideId "13504398"]
[BlackFideId "4198603"]
[EventDate "2017.09.06"]

1. e4 c6 2. d4 d5 3. Nc3 dxe4 4. Nxe4 Bf5 5. Ng3 Bg6 6. h4 h6 7. Nf3 Nd7 8. h5
Bh7 9. Bd3 Bxd3 10. Qxd3 e6 11. Bd2 Ngf6 12. O-O-O Bd6 13. Ne4 Nxe4 14. Qxe4 Nf6
15. Qe2 Bc7 16. Kb1 Qd5 17. c4 Qe4+ 18. Qxe4 Nxe4 19. Be1 O-O-O 20. Kc2 Rhe8 21.
Ne5 f6 22. Ng6 e5 23. dxe5 Rxd1 24. Kxd1 Bxe5 25. Nxe5 Rxe5 26. f3 Nd6 27. Bg3
Re6 28. b3 Nf5 29. Bf2 Ne3+ 30. Bxe3 Rxe3 31. Kd2 Re7 32. g4 1/2-1/2

[Event "St Louis Fall A 2017"]
[Site "Saint Louis USA"]
[Date "2017.09.14"]
[Round "9.3"]
[White "Petrosian, Tigran L."]
[Black "Swiercz, Dariusz"]
[Result "1/2-1/2"]
[WhiteTitle "GM"]
[BlackTitle "GM"]
[WhiteElo "2615"]
[BlackElo "2638"]
[WhiteFideId "13301616"]
[BlackFideId "1126881"]
[EventDate "2017.09.06"]

1. Nf3 Nf6 2. d4 g6 3. g3 Bg7 4. Bg2 d5 5. c4 c6 6. cxd5 cxd5 7. O-O O-O 8. Ne5
Ne4 9. Nc3 Nxc3 10. bxc3 Nc6 11. Nxc6 bxc6 12. Qa4 Qb6 13. Ba3 Qa6 14. Qxa6 Bxa6
15. Rfe1 Rfe8 16. e3 e6 17. Bf1 Bxf1 18. Kxf1 Bf8 19. Bxf8 Kxf8 20. Reb1 Reb8
21. Rb3 Rb6 22. Rab1 Rab8 23. Ke2 Ke7 24. Kd3 Kd6 25. c4 c5 26. cxd5 Rxb3+ 27.
axb3 Kxd5 28. dxc5 Kxc5 29. Kc3 a5 30. Rd1 Kc6 1/2-1/2

[Event "St Louis Fall A 2017"]
[Site "Saint Louis USA"]
[Date "2017.09.14"]
[Round "9.4"]
[White "Naroditsky, Daniel"]
[Black "Liang, Awonder"]
[Result "1/2-1/2"]
[WhiteTitle "GM"]
[BlackTitle "GM"]
[WhiteElo "2626"]
[BlackElo "2545"]
[WhiteFideId "2026961"]
[BlackFideId "2056437"]
[EventDate "2017.09.06"]

1. b3 Nf6 2. Bb2 g6 3. Bxf6 exf6 4. c4 d5 5. cxd5 Qxd5 6. Nc3 Qa5 7. a3 c6 8.
Nf3 Bg7 9. e3 O-O 10. Bc4 f5 11. b4 Qd8 12. O-O Nd7 13. d4 a5 14. Ne2 Nb6 15.
Bb3 Nd5 16. Bxd5 Qxd5 17. Nf4 Qb5 18. Rb1 axb4 19. axb4 Bh6 20. Ne2 f4 21. Nxf4
Bxf4 22. exf4 Bg4 23. h3 Bxf3 24. Qxf3 Rad8 25. Qc3 Rd5 26. Rfe1 Qb6 27. Re4 Qd8
28. Rbe1 Qd6 29. g3 Rb5 30. Rb1 Rd5 31. h4 h5 32. b5 cxb5 33. Re5 Rxd4 34. Rexb5
Rd1+ 35. Rxd1 Qxd1+ 36. Kg2 Re8 37. Rxb7 Qd5+ 38. Qf3 Qxf3+ 39. Kxf3 Kg7 40. g4
hxg4+ 41. Kxg4 Re2 42. Kf3 Ra2 43. Rb5 Kf6 44. Kg3 Ra3+ 45. f3 Ra1 46. Rb6+ Kf5
47. Rb7 Kf6 48. f5 gxf5 49. Rb6+ Kg7 50. Kf4 Ra4+ 51. Kg5 f6+ 52. Rxf6 Rxh4 53.
Ra6 Rb4 54. Kxf5 Kf7 55. Rf6+ Kg7 56. Re6 Kf7 57. Rf6+ Kg7 58. Rc6 Kf7 59. f4
Rb5+ 60. Kg4 Ra5 61. Rb6 Rc5 62. f5 Rc1 63. Rb3 Rg1+ 64. Rg3 Rxg3+ 65. Kxg3 Kf6
66. Kf2 Kxf5 1/2-1/2

[Event "St Louis Fall A 2017"]
[Site "Saint Louis USA"]
[Date "2017.09.14"]
[Round "9.5"]
[White "Li, Ruifeng"]
[Black "Meier, Georg"]
[Result "1/2-1/2"]
[WhiteTitle "GM"]
[BlackTitle "GM"]
[WhiteElo "2548"]
[BlackElo "2651"]
[WhiteFideId "2061074"]
[BlackFideId "4675789"]
[EventDate "2017.09.06"]

1. e4 e6 2. d4 d5 3. Nc3 dxe4 4. Nxe4 Nd7 5. c3 Ngf6 6. Bd3 c5 7. Nf3 Nxe4 8.
Bxe4 Nf6 9. Bc2 cxd4 10. Nxd4 Bc5 11. O-O Bxd4 12. cxd4 Bd7 13. a4 Bc6 14. Ra3
Nd5 15. Qg4 g6 16. Bh6 Qe7 17. Bg5 f6 18. Re1 O-O-O 19. Bd2 Rhe8 20. Rh3 Rd7 21.
Qg3 Red8 22. Bb3 Nc7 23. Bc3 Bd5 24. Bc2 Na6 25. Bd3 Nb4 26. Bxb4 Qxb4 27. Rc1+
Bc6 28. Rxc6+ bxc6 29. Ba6+ Rb7 30. Qe3 Qxd4 31. Qxe6+ Qd7 32. Bxb7+ Kxb7 1/2-1/2